000 00936nam a22003017a 4500
001 7537
003 FISKH
005 20250723144059.0
008 250723b cb ||||| |||| 00| 0 eng d
020 _a9780545030106
040 _aFISKH
_beng
_cFISKH
_dFISKH
050 _a PZ8.D498 L
082 _a813.6
100 _aDewdney, Anna
_d(1965–2016)
245 _aLlama llama red pajama /
_cWritten and Illustrated by Anna Dewdney
250 _aThis edition first published in 2007
260 _aNew York :
_bScholastic,
_c2005
300 _a28 unnumbered pages :
_bcolor illustrations ;
_c21 cm
505 _aP
520 _aAt bedtime, a little llama worries after his mother puts him to bed and goes downstairs.
521 8 _a670
_bLexile
521 8 _aP
_bRaz-Plus
650 _2Bedtime
_aRhyming
650 _2Llamas
_aPatience
700 _aDewdney, Anna
_dillustrator
942 _2ddc
_cBK
_n0
999 _c7537
_d7537